| 000 | 01011cad a22002295a 4500 | ||
|---|---|---|---|
| 001 | E154387 | ||
| 008 | 111122s2011 xxk f l 000 0 eng d | ||
| 035 | _a(Sirsi) u154387 | ||
| 041 | 0 | _aeng | |
| 110 | 2 |
_aScotland _kLaws, etc |
|
| 245 | 0 | 4 |
_aThe Construction Contracts (Scotland) Exclusion Order 2011 _h[electronic resource] |
| 260 |
_aEdinburgh _bScottish Government _c2011 |
||
| 490 | 0 |
_aSSI _v2011: 370 |
|
| 520 | _aExcludes first tier sub-contracts entered into under an excluded private finance initiative contract from the operation of the Housing Grants, Construction and Regeneration Act S110(1A). Comes into force 1 November 2011. | ||
| 590 | _aKA | ||
| 650 | 2 | 4 | _aCONSTRUCTION CONTRACTS (SCOTLAND) EXCLUSION ORDER 2011 |
| 650 | 2 | 4 | _aHOUSING GRANTS, CONSTRUCTION AND REGENERATION ACT 1996 |
| 651 | 4 |
_aScotland _y1999- |
|
| 690 |
_aProcurement _96260 |
||
| 856 | 4 | 0 |
_uhttps://www.legislation.gov.uk/ssi/2011/370/contents/made _zView the SSI free of charge at www.legislation.gov.uk |
| 942 | _n0 | ||
| 999 |
_c112966 _d112966 |
||